ICSE COMPUTER SCIENCE: (Record no. 184050)

MARC details
000 -LEADER
fixed length control field 00556nam a22001817a 4500
005 - DATE AND TIME OF LATEST TRANSACTION
control field 20220112113254.0
010 ## - LCCN (DPL NO)
LC control number ENG-131073
020 ## - INTERNATIONAL STANDARD BOOK NUMBER
International Standard Book Number 978-93-528-386-77
Terms of availability 550.00
035 ## - SYSTEM CONTROL NUMBER
System control number EN-114605
037 ## - SOURCE OF ACQUISITION
Source of stock number/acquisition DBAD
082 ## - DEWEY DECIMAL CLASSIFICATION NUMBER
Classification number 004
100 ## - MAIN ENTRY--PERSONAL NAME
Personal name Mehrotra, Dheeraj
245 ## - TITLE STATEMENT
Title ICSE COMPUTER SCIENCE:
Statement of responsibility, etc Dheraj Mehrotra
Remainder of title Using Java/
260 ## - PUBLICATION, DISTRIBUTION, ETC. (IMPRINT)
Place of publication, distribution, etc New Delhi
Name of publisher, distributor, etc S Chand School Books
Date of publication, distribution, etc 2013
270 ## - ADDRESS
City New Delhi
Address A-27, 2nd Floor, Mohan Co-operative Industrial Estate
Postal code 110044
300 ## - PHYSICAL DESCRIPTION
Extent 534p.
Dimensions 27cm(pbk)
942 ## - ADDED ENTRY ELEMENTS (KOHA)
Source of classification or shelving scheme Dewey Decimal Classification
Item type English Books
Classification part 004
Call number suffix MEH
Holdings
Withdrawn status Lost status Not for loan Collection code Home library Current library Date acquired Source of acquisition Cost, normal purchase price Full call number Barcode Copy number Cost, replacement price Koha item type
      Non-fiction Central Library Central Library 12/01/2022 DBAD/PUB 550.00 004 MEH EN-114605 1 550.00 English Books

© Delhi Public Library
Hit Counter
free hit counter